[Event "De Verteuil Memorial 24th"]
[Site "Port of Spain"]
[Date "2016.11.17"]
[Round "7"]
[White "Ramadhin, Avinath"]
[Black "Soverall, Peter"]
[Result "1-0"]
[WhiteElo "1606"]
[BlackElo "1656"]
[PlyCount "119"]
[EventDate "2016.10.06"]
[EventType "swiss"]
[EventRounds "7"]
[EventCountry "TRI"]
[SourceTitle "EXT 2018"]
[Source "ChessBase"]
[SourceDate "2017.10.13"]
[SourceVersion "1"]
[SourceVersionDate "2017.10.13"]
[SourceQuality "1"]

1. e4 e5 2. Nf3 Nc6 3. Bb5 a6 4. Ba4 Nf6 5. 0-0 d6 6. d4 Bd7 7. Re1 h6 8. c3 Be7 9. Nbd2 0-0 10. Nf1 Bg4 11. Ng3 Nd7 12. d5 Na5 13. h3 Bxf3 14. Qxf3 b5 15. Bc2 Nc4 16. Nf5 Bg5 17. Qg3 Qf6 18. b3 Ncb6 19. Bxg5 Qxg5 20. Re3 Kh7 21. Rf1 Rae8 22. f4 Qxg3 23. Rxg3 g6 24. Ne3 f6 25. Rgf3 Kg7 26. h4 exf4 27. Rxf4 Ne5 28. Ng4 Nbd7 29. Ne3 Re7 30. h5 Kh7 31. hxg6+ Kxg6 32. Nf5 Rh7 33. Rh4 Rfh8 34. Bd1 h5 35. Ng3 Kg5 36. Rhf4 Ng4 37. Nf5 Ne3 38. Nxe3 Ne5 39. Rf5+ Kg6 40. Rxf6+ Kg7 41. R6f5 Kg6 42. Nc2 Rf7 43. Nd4 Rxf5 44. Rxf5 Nf7 45. Ne6 a5 46. Nf4+ Kg7 47. Bxh5 Ne5 48. Ne6+ Kh6 49. Nxc7 b4 50. c4 Rg8 51. Bf3 Nxf3+ 52. Rxf3 Rg6 53. Rh3+ Kg7 54. Kf2 Rf6+ 55. Rf3 Rh6 56. Ne8+ Kg8 57. Rf6 Rxf6+ 58. Nxf6+ Kf7 59. Nd7 Ke7 60. Nb8 1-0

[Event "De Verteuil Memorial 24th"]
[Site "Port of Spain"]
[Date "2016.10.27"]
[Round "4"]
[White "Knight, Colin"]
[Black "Ramadhin, Avinath"]
[Result "1-0"]
[WhiteElo "1902"]
[BlackElo "1606"]
[PlyCount "79"]
[EventDate "2016.10.06"]
[EventType "swiss"]
[EventRounds "7"]
[EventCountry "TRI"]
[SourceTitle "EXT 2018"]
[Source "ChessBase"]
[SourceDate "2017.10.13"]
[SourceVersion "1"]
[SourceVersionDate "2017.10.13"]
[SourceQuality "1"]

1. d4 c6 2. Nf3 d6 3. Nc3 Bg4 4. e4 Qc7 5. Be2 Nd7 6. Be3 e5 7. Qd2 Ngf6 8. a4 Be7 9. 0-0 0-0 10. h3 Bh5 11. Ne1 Bg6 12. f3 Nh5 13. Bf2 exd4 14. Qxd4 Bf6 15. Qd2 Be5 16. Nd3 Bg3 17. Be3 f5 18. exf5 Rxf5 19. Ne4 Bh2+ 20. Kxh2 d5+ 21. Kg1 dxe4 22. fxe4 Rxf1+ 23. Rxf1 Bxe4 24. Bxh5 Ne5 25. Nxe5 Qxe5 26. Bf7+ Kh8 27. Bd4 Rd8 28. Bxe5 Rxd2 29. Rf2 Rxf2 30. Kxf2 Bxc2 31. a5 Bg6 32. Bxg6 hxg6 33. Bb8 a6 34. Ke3 Kg8 35. Kd4 Kf7 36. Kc5 Ke6 37. Kb6 Kd5 38. Kxb7 Kc5 39. Kxa6 Kb4 40. Kb6 1-0

[Event "De Verteuil Memorial 24th"]
[Site "Port of Spain"]
[Date "2016.10.20"]
[Round "3"]
[White "Ramadhin, Avinath"]
[Black "Duncan, Leonard"]
[Result "0-1"]
[WhiteElo "1606"]
[BlackElo "1912"]
[PlyCount "30"]
[EventDate "2016.10.06"]
[EventType "swiss"]
[EventRounds "7"]
[EventCountry "TRI"]
[SourceTitle "EXT 2018"]
[Source "ChessBase"]
[SourceDate "2017.10.13"]
[SourceVersion "1"]
[SourceVersionDate "2017.10.13"]
[SourceQuality "1"]

1. e4 d6 2. d4 Nf6 3. Nc3 g6 4. f4 Bg7 5. Nf3 c5 6. Be3 Qa5 7. Qd3 0-0 8. 0-0-0 Bg4 9. h3 Bxf3 10. gxf3 cxd4 11. Bxd4 Nc6 12. Kb1 Nxd4 13. Qxd4 Nh5 14. Qd5 Bxc3 15. bxc3 Qxc3 0-1